[Event "Aeroflot Open 2012 B"]
[Site "Moscow"]
[Date "2012.02.08"]
[Round "2"]
[White "Shyam, Nikil P"]
[Black "Gomes, Mary Ann"]
[Result "1/2-1/2"]
[WhiteElo "2482"]
[BlackElo "2377"]
[PlyCount "68"]
[EventDate "2012.02.07"]
[EventType "swiss"]
[EventRounds "9"]
[EventCountry "RUS"]

1. e4 c5 2. Nf3 d6 3. d4 cxd4 4. Nxd4 Nf6 5. Nc3 a6 6. Be2 e5 7. Nb3 Be7 8. O-O
O-O 9. Kh1 Nc6 10. f4 b5 11. a4 b4 12. Nd5 Nxe4 13. Bf3 f5 14. Nxe7+ Nxe7 15.
fxe5 dxe5 16. Qxd8 Rxd8 17. Bxe4 fxe4 18. Bg5 Ra7 19. Rae1 h6 20. Bh4 e3 21.
Rxe3 Nf5 22. Bxd8 Nxe3 23. Bb6 Nxf1 24. Bxa7 Bf5 25. Kg1 Bxc2 26. Kxf1 Bxb3 27.
Bc5 Bxa4 28. Bxb4 Kf7 29. Kf2 g6 30. Ke3 Ke6 31. Bf8 h5 32. h4 Kf5 33. g3 Kg4
34. Kf2 e4 1/2-1/2

[Event "Aeroflot Open 2012 B"]
[Site "Moscow"]
[Date "2012.02.08"]
[Round "2"]
[White "Akshayraj, Kore"]
[Black "Mozharov, Mikhail"]
[Result "1-0"]
[WhiteElo "2386"]
[BlackElo "2478"]
[PlyCount "99"]
[EventDate "2012.02.07"]
[EventType "swiss"]
[EventRounds "9"]
[EventCountry "RUS"]

1. d4 d5 2. c4 c6 3. Nf3 Nf6 4. e3 Bf5 5. Nc3 e6 6. Nh4 Be4 7. f3 Bg6 8. Nxg6
hxg6 9. g3 Nbd7 10. Bg2 Be7 11. O-O O-O 12. Qe2 Re8 13. Rd1 Qc7 14. f4 Bb4 15.
Bd2 Bxc3 16. Bxc3 Nb6 17. b3 Nc8 18. c5 Ne4 19. Bxe4 dxe4 20. Qg2 f5 21. d5
cxd5 22. b4 Ne7 23. Rac1 Qd7 24. Qb2 d4 25. Bxd4 Nd5 26. b5 Rec8 27. g4 Qf7 28.
gxf5 gxf5 29. Rd2 e5 30. fxe5 Nc7 31. Rf1 Ne6 32. Rdf2 g6 33. Rg2 Rd8 34. Qf2
f4 35. Qh4 Qf5 36. Qh6 Rd7 37. Kh1 Rg7 38. Rfg1 Kf7 39. Rxg6 Rxg6 40. Qh7+ Ke8
41. Rxg6 Nf8 42. Qxb7 Nxg6 43. Qxa8+ Ke7 44. Qxa7+ Kf8 45. e6 Qxe6 46. c6 f3
47. c7 Ne7 48. Bc5 Qg4 49. c8=Q+ Qxc8 50. Qxe7+ 1-0

[Event "Aeroflot Open 2012 B"]
[Site "Moscow"]
[Date "2012.02.08"]
[Round "2"]
[White "Aldokhin, Ivan"]
[Black "Sundararajan, Kidambi"]
[Result "1/2-1/2"]
[WhiteElo "2376"]
[BlackElo "2474"]
[PlyCount "120"]
[EventDate "2012.02.07"]
[EventType "swiss"]
[EventRounds "9"]
[EventCountry "RUS"]

1. e4 e5 2. Nf3 Nc6 3. Bb5 a6 4. Ba4 Nf6 5. O-O Be7 6. Re1 b5 7. Bb3 d6 8. c3
O-O 9. d4 Bg4 10. d5 Na5 11. Bc2 Qc8 12. Nbd2 c6 13. h3 Bd7 14. dxc6 Qxc6 15.
Nf1 Rac8 16. Bd3 Rfe8 17. Qe2 h6 18. Ng3 Bf8 19. Bd2 Nc4 20. Bc1 Nb6 21. Be3
Na4 22. Rad1 Be6 23. Bb1 Qb7 24. Rc1 Rc7 25. Nh4 Rec8 26. Nhf5 Kh8 27. Qd2 b4
28. c4 b3 29. axb3 Qxb3 30. Bc2 Qxc4 31. Nxd6 Bxd6 32. Qxd6 Nxb2 33. Qxe5 Qb5
34. Qxb5 axb5 35. Bb1 b4 36. f4 Bc4 37. Bd4 Nd3 38. Bxd3 Bxd3 39. Rxc7 Rxc7 40.
e5 Nd5 41. f5 b3 42. f6 gxf6 43. exf6 Nc3 44. Re8+ Kh7 45. Re7 Nd5 46. Rxc7
Nxc7 47. Kf2 Kg6 48. Ke3 Bc2 49. Kd2 Nd5 50. Nf1 Be4 51. Ne3 Nxe3 52. Kxe3 Bxg2
53. h4 Kf5 54. Kd2 Ke4 55. Bc3 h5 56. Kc1 Kd3 57. Kb2 Bd5 58. Bb4 Ke4 59. Bd2
Kf5 60. Bg5 Kg4 1/2-1/2

[Event "Aeroflot Open 2012 B"]
[Site "Moscow"]
[Date "2012.02.08"]
[Round "2"]
[White "Zenzera, Alexey"]
[Black "Sivuk, Vitaly"]
[Result "0-1"]
[WhiteElo "2337"]
[BlackElo "2459"]
[PlyCount "74"]
[EventDate "2012.02.07"]
[EventType "swiss"]
[EventRounds "9"]
[EventCountry "RUS"]

1. d4 Nf6 2. c4 g6 3. Nc3 d5 4. Nf3 Bg7 5. Bg5 dxc4 6. e4 c5 7. d5 b5 8. e5 b4
9. Nb5 a6 10. exf6 exf6 11. Qe2+ Kf8 12. Be3 axb5 13. Bxc5+ Kg8 14. Bxb4 h6 15.
Qd2 Bb7 16. Be2 Qxd5 17. Qxd5 Bxd5 18. O-O-O Be4 19. a3 Nc6 20. Bc3 f5 21. Bxg7
Kxg7 22. Ne1 f4 23. Bf3 Bxf3 24. Nxf3 b4 25. axb4 Nxb4 26. Rhf1 Ra2 27. Nd4
Nd3+ 28. Kc2 Rxb2+ 29. Kc3 Rxf2 30. Rxf2 Nxf2 31. Re1 Ng4 32. g3 fxg3 33. hxg3
Rc8 34. Nb5 Rc6 35. Re4 h5 36. Nd4 Ra6 37. Kxc4 Ra3 0-1

[Event "Aeroflot Open 2012 B"]
[Site "Moscow"]
[Date "2012.02.08"]
[Round "2"]
[White "Zhai, Mo"]
[Black "Munguntuul, Batkhuyag"]
[Result "1/2-1/2"]
[WhiteElo "2191"]
[BlackElo "2452"]
[PlyCount "49"]
[EventDate "2012.02.07"]
[EventType "swiss"]
[EventRounds "9"]
[EventCountry "RUS"]

1. e4 e5 2. Nf3 Nc6 3. Bb5 a6 4. Ba4 Nf6 5. O-O b5 6. Bb3 Be7 7. Re1 d6 8. c3
O-O 9. h3 Na5 10. Bc2 c5 11. d4 exd4 12. cxd4 Bb7 13. Nbd2 Re8 14. a3 cxd4 15.
Nxd4 Nc6 16. Nf5 Bf8 17. Nf3 g6 18. Nh6+ Bxh6 19. Bxh6 Ne5 20. Qd4 Rc8 21. Bb3
Nc6 22. Qd3 Ne5 23. Qd4 Nc6 24. Qd3 Ne5 25. Qd4 1/2-1/2

[Event "Aeroflot Open 2012 B"]
[Site "Moscow"]
[Date "2012.02.08"]
[Round "2"]
[White "Vaibhav, Suri"]
[Black "Le, Quang Long"]
[Result "1-0"]
[WhiteElo "2448"]
[BlackElo "2316"]
[PlyCount "133"]
[EventDate "2012.02.07"]
[EventType "swiss"]
[EventRounds "9"]
[EventCountry "RUS"]

1. e4 c6 2. d4 d5 3. Nc3 dxe4 4. Nxe4 Bf5 5. Ng3 Bg6 6. h4 h6 7. Nf3 Nd7 8. h5
Bh7 9. Bd3 Bxd3 10. Qxd3 e6 11. Bd2 Ngf6 12. O-O-O Bd6 13. Ne4 Nxe4 14. Qxe4
Qe7 15. Kb1 Bc7 16. Qe2 O-O-O 17. c4 Rhe8 18. Bc3 Qf8 19. g4 Qg8 20. Qc2 Kb8
21. Rhg1 Nf6 22. Ne5 Nd7 23. Nf3 Nf6 24. Ne5 Nd7 25. f4 f6 26. Ng6 Nf8 27. g5
Nxg6 28. Qxg6 Bxf4 29. gxf6 gxf6 30. Qxf6 Bg5 31. Qe5+ Ka8 32. Rgf1 Rf8 33. Qe4
Rf5 34. Rfe1 Rf4 35. Qg6 Rh4 36. a3 Qf8 37. Rf1 Rf4 38. Rxf4 Qxf4 39. Qxe6 Qf3
40. Re1 Qxh5 41. Ba5 Rh8 42. d5 cxd5 43. cxd5 Bh4 44. Re4 Qd1+ 45. Ka2 Bg3 46.
Bc3 Rd8 47. Rd4 Qh1 48. Ba5 Rb8 49. d6 b6 50. d7 Bc7 51. Rd5 Kb7 52. Bc3 Qg2
53. Bf6 Bd8 54. Be5 Ra8 55. Bf4 Bf6 56. Bd2 Rd8 57. Rd6 Bg7 58. a4 Bf8 59. Rd5
Bg7 60. a5 Qf1 61. Qe4 Ka6 62. Qc2 Kb7 63. Rd6 Qf3 64. Qc4 Be5 65. Rd5 Qf7 66.
a6+ Kb8 67. Qc6 1-0

[Event "Aeroflot Open 2012 B"]
[Site "Moscow"]
[Date "2012.02.08"]
[Round "2"]
[White "Debashis, Das"]
[Black "Rychagov, Andrey"]
[Result "1-0"]
[WhiteElo "2389"]
[BlackElo "2542"]
[PlyCount "83"]
[EventDate "2012.02.07"]
[EventType "swiss"]
[EventRounds "9"]
[EventCountry "RUS"]

1. d4 d5 2. c4 c6 3. Nf3 Nf6 4. e3 Bg4 5. Qb3 Qb6 6. Nc3 e6 7. Nh4 Bh5 8. h3
Be7 9. g4 Bg6 10. Nxg6 hxg6 11. g5 Nfd7 12. f4 dxc4 13. Bxc4 Qc7 14. Bd2 Nb6
15. Be2 N8d7 16. Rc1 a6 17. Kf2 Rc8 18. Bf3 c5 19. h4 Qb8 20. h5 cxd4 21. hxg6
Rxh1 22. Rxh1 Nc4 23. gxf7+ Kxf7 24. g6+ Ke8 25. exd4 Qd6 26. Be3 Nxe3 27. Kxe3
Nb6 28. Rh8+ Bf8 29. Ne4 Nd5+ 30. Qxd5 Qxd5 31. Nf6+ Ke7 32. Bxd5 Kxf6 33. Bxb7
Rb8 34. Bxa6 Kxg6 35. Bc4 Kf6 36. b3 g6 37. Ke4 Kg7 38. Rh1 Kf6 39. a4 Bb4 40.
Rh7 Bc3 41. Rc7 Rb6 42. d5 1-0

[Event "Aeroflot Open 2012 B"]
[Site "Moscow"]
[Date "2012.02.08"]
[Round "2"]
[White "Gabuzyan, Hovhannes"]
[Black "Kislinsky, Alexey"]
[Result "0-1"]
[WhiteElo "2402"]
[BlackElo "2535"]
[PlyCount "158"]
[EventDate "2012.02.07"]
[EventType "swiss"]
[EventRounds "9"]
[EventCountry "RUS"]

1. g3 e5 2. c4 Nf6 3. Bg2 c6 4. Nf3 e4 5. Nd4 Qb6 6. Nb3 a5 7. d4 d5 8. c5 Qd8
9. Nc3 a4 10. Nd2 b5 11. cxb6 Qxb6 12. O-O Be7 13. Ndb1 Qa7 14. Na3 O-O 15. Bf4
Nbd7 16. Rc1 Nh5 17. Bd2 Qxd4 18. e3 Qe5 19. Nxa4 Qg5 20. Rxc6 Ne5 21. Rxc8
Raxc8 22. Nb6 Rcd8 23. Nb5 Nf6 24. Bc3 Nfg4 25. Bd4 Nc6 26. h3 Nxd4 27. Nxd4
Ne5 28. h4 Qg6 29. Qb3 Bxh4 30. Nxd5 Bg5 31. Nc3 Nf3+ 32. Nxf3 exf3 33. Bxf3
Bxe3 34. Nd5 Bc5 35. Kg2 Qa6 36. Rc1 Qa7 37. Qc2 Bd4 38. Nb4 Rd6 39. Nc6 Qd7
40. b4 Bxf2 41. b5 Bb6 42. Rd1 Re8 43. Rxd6 Qxd6 44. Be4 Bc7 45. Bxh7+ Kh8 46.
Qd3 Qe6 47. Bf5 Qxa2+ 48. Kh3 Qf2 49. b6 Bxb6 50. Qd7 Qf1+ 51. Kh4 Qc4+ 52. Kh3
Rf8 53. Qe7 Qf1+ 54. Kg4 Qd1+ 55. Kh3 Qh5+ 56. Kg2 Kg8 57. Qe4 Bd8 58. g4 Qh6
59. Ne5 g6 60. Nd7 gxf5 61. gxf5 Qg5+ 62. Kf1 Bc7 63. Nxf8 Kxf8 64. Qb4+ Kg8
65. Qc5 Qf4+ 66. Kg2 Be5 67. Qc8+ Kg7 68. Qd7 Bd4 69. Qd5 Kf6 70. Qc6+ Kxf5 71.
Qc8+ Kg6 72. Qg8+ Bg7 73. Qa8 f5 74. Qe8+ Kg5 75. Qd8+ Kh6 76. Qd7 Qg4+ 77. Kh1
Qe4+ 78. Kh2 Be5+ 79. Kg1 Qd4+ 0-1

[Event "Aeroflot Open 2012 B"]
[Site "Moscow"]
[Date "2012.02.08"]
[Round "2"]
[White "Illner, Achim"]
[Black "Grover, Sahaj"]
[Result "1/2-1/2"]
[WhiteElo "2375"]
[BlackElo "2532"]
[PlyCount "63"]
[EventDate "2012.02.07"]
[EventType "swiss"]
[EventRounds "9"]
[EventCountry "RUS"]

1. e4 e6 2. d4 d5 3. exd5 exd5 4. Nf3 Bd6 5. h3 Ne7 6. c4 dxc4 7. Bxc4 O-O 8.
O-O Bf5 9. Nc3 Nd7 10. Re1 h6 11. Be3 c6 12. Bb3 $11 Bh7 13. Ne5 Nf5 14. Bf4
Bxe5 15. dxe5 Nc5 16. Bc2 Ne6 17. Qg4 h5 18. Qxh5 Nxf4 19. Qg4 Nxg2 20. Qxg2
Kh8 21. Ne4 Qe7 22. Rad1 Rad8 23. Qg5 Rxd1 24. Rxd1 Qxe5 25. Nd6 f6 26. Nf7+
Rxf7 27. Rd8+ Bg8 28. Qxf5 Qxf5 29. Bxf5 g6 30. Be6 Rg7 31. Rb8 b6 32. Ra8
1/2-1/2

[Event "Aeroflot Open 2012 B"]
[Site "Moscow"]
[Date "2012.02.08"]
[Round "2"]
[White "Reshetnikov, Alexey"]
[Black "Lavrov, Maxim"]
[Result "1-0"]
[WhiteElo "2514"]
[BlackElo "2397"]
[PlyCount "101"]
[EventDate "2012.02.07"]
[EventType "swiss"]
[EventRounds "9"]
[EventCountry "RUS"]

1. d4 Nf6 2. Nc3 c5 3. d5 g6 4. e4 d6 5. Be2 Bg7 6. Nf3 O-O 7. Nd2 Na6 8. O-O
Nc7 9. a4 Rb8 10. Nc4 Nfe8 11. Bf4 b6 12. e5 Ba6 13. Re1 Bxc4 14. Bxc4 dxe5 15.
Bxe5 Nd6 16. Qd3 Qd7 17. Re2 Rbd8 18. b3 Rfe8 19. Rae1 Nf5 20. Nb5 Nxd5 21.
Bxd5 Qxd5 22. Qxd5 Rxd5 23. Bxg7 Kxg7 24. Nc7 Red8 25. Nxd5 Rxd5 26. Kf1 h5 27.
c3 e6 28. Rc1 Kf6 29. g3 Rd3 30. Rcc2 Rd1+ 31. Re1 Rd5 32. Ke2 Ke7 33. Rd2 Nd6
34. Rxd5 exd5 35. Kd3+ Kd7 36. Re5 Kc6 37. f3 a6 38. g4 h4 39. Re7 b5 40. axb5+
axb5 41. b4 Nc4 42. Re8 Kd7 43. Rb8 Ne5+ 44. Ke3 cxb4 45. cxb4 Kc6 46. g5 Nc4+
47. Kf4 d4 48. Rd8 Nd6 49. Ke5 Nf5 50. Rc8+ Kd7 51. Rc5 1-0

[Event "Aeroflot Open 2012 B"]
[Site "Moscow"]
[Date "2012.02.08"]
[Round "2"]
[White "Huang, Qian"]
[Black "Ovetchkin, Roman"]
[Result "0-1"]
[WhiteElo "2389"]
[BlackElo "2507"]
[PlyCount "108"]
[EventDate "2012.02.07"]
[EventType "swiss"]
[EventRounds "9"]
[EventCountry "RUS"]

1. d4 Nf6 2. Nf3 c5 3. c4 cxd4 4. Nxd4 g6 5. g3 Bg7 6. Bg2 O-O 7. O-O Nc6 8.
Nc3 Qa5 9. Nb3 Qh5 10. e4 Qxd1 11. Rxd1 d6 12. c5 Ne8 13. Bg5 Bg4 14. f3 Be6
15. Nd5 h6 16. Nxe7+ Kh7 17. Nxc6 hxg5 18. Ncd4 Bxb3 19. Nxb3 Bxb2 20. Rab1 Ba3
21. cxd6 Nxd6 22. Bf1 Rac8 23. Nd4 Bc5 24. Kg2 Bb6 25. Rd2 Rfd8 26. Nb3 Nxe4
27. fxe4 Rxd2+ 28. Nxd2 Rc2 29. Rd1 Be3 30. Bc4 f6 31. Bb3 Rb2 32. Kf3 Bxd2 33.
h3 b5 34. e5 fxe5 35. Ke4 a5 36. Rf1 a4 37. Be6 g4 38. h4 Bh6 39. Kxe5 Re2+ 40.
Kd6 b4 41. Rf7+ Bg7 42. Ra7 a3 43. Ra5 Rg2 44. h5 Rxg3 45. hxg6+ Kxg6 46. Bf5+
Kg5 47. Bc2+ Kh4 48. Bg6 Re3 49. Ra7 Bd4 50. Ra4 Bc3 51. Bf7 g3 52. Bd5 Rd3 53.
Ra8 g2 54. Rg8 Kh3 0-1

[Event "Aeroflot Open 2012 B"]
[Site "Moscow"]
[Date "2012.02.08"]
[Round "2"]
[White "Dobrov, Vladimir"]
[Black "Wang, Jue"]
[Result "1/2-1/2"]
[WhiteElo "2496"]
[BlackElo "2388"]
[PlyCount "290"]
[EventDate "2012.02.07"]
[EventType "swiss"]
[EventRounds "9"]
[EventCountry "RUS"]

1. d4 g6 2. e4 d6 3. Nf3 Bg7 4. Bc4 Nf6 5. Qe2 Nc6 6. e5 dxe5 7. dxe5 Nd5 8.
O-O Bg4 9. Rd1 e6 10. Nc3 O-O 11. Nxd5 exd5 12. Rxd5 Qe7 13. Bf4 Rad8 14. Rxd8
Rxd8 15. Qe3 Qb4 16. b3 Bxf3 17. c3 Qb6 18. Qxf3 Nxe5 19. Qg3 Qc5 20. Be2 h6
21. Rc1 Qd5 22. h4 Qe4 23. Qe3 Qxe3 24. Bxe3 h5 25. Rd1 Rxd1+ 26. Bxd1 a6 27.
Kf1 Ng4 28. Bd2 Kf8 29. Ke2 Ke7 30. b4 Ne5 31. Bb3 b5 32. Be3 Nc4 33. Bc5+ Ke6
34. Bd4 Bf8 35. Kd3 Kd5 36. Bf6 c5 37. a3 Bd6 38. g3 Ke6 39. Bg5 Kd5 40. Be3
cxb4 41. axb4 Bc7 42. Bf4 Bb6 43. Be3 Bc7 44. Bf4 Bb6 45. f3 a5 46. bxa5 Bxa5
47. g4 Bd8 $11 48. Bg3 f5 49. gxh5 gxh5 50. Be1 Bc7 51. Ke2 Be5 52. Bc2 Ke6 53.
Bd3 Bf4 54. Bf2 Be5 55. Be1 Bf4 56. Bb1 Be5 57. Kd3 Nb2+ 58. Ke3 Nc4+ 59. Ke2
Bf4 60. Bf2 Be5 61. Kd3 Nb2+ 62. Kc2 Nc4 63. Ba2 Kd6 64. Kb3 Kc6 65. Be1 Bf4
66. Kc2 Kd6 67. Bf2 Be5 68. Bb3 Bf4 69. Ba7 Kc6 70. Bf2 Kd6 71. Kd3 Ne5+ 72.
Ke2 Nc4 73. Ba7 Ke6 74. Bf2 Kd6 75. Bc2 Ke6 76. Bd1 Be5 77. Be1 Bf4 78. Bc2 Be5
79. Kf2 Bf4 80. Bd3 Ke5 81. Ke2 Ke6 82. Bf2 Be5 83. Be1 Bf4 84. Bb1 Be5 85. Kd3
Nb2+ 86. Kc2 Nc4 87. Kb3 Bf4 88. Ba2 Bd6 89. Bb1 Bf4 90. Bd3 Nd2+ 91. Kb4 Nxf3
92. Bf2 Ne5 93. Bxb5 Ng4 94. Be1 Bd6+ 95. Kb3 f4 96. Be8 f3 97. Bxh5 Kf5 98.
Kc4 Bh2 99. Kd3 Bg1 100. Bg3 Nf2+ 101. Kc2 Ne4 102. Bc7 Bf2 103. Bd8 Kf4 104.
c4 Bc5 105. Kd3 Nf2+ 106. Kd2 Ne4+ 107. Kd1 f2 108. Be2 Ke3 109. Bg5+ Nxg5 110.
hxg5 Kd4 111. g6 Bf8 112. Bf1 Bg7 113. Kc2 Bf6 114. Bd3 Bg7 115. Kd2 Bf8 116.
Ke2 f1=Q+ 117. Kxf1 Bg7 118. Ke2 Kc5 119. Ke3 Kd6 120. Be4 Bf8 121. Bd5 Bg7
122. Bh1 Kc5 123. Kd3 Bh8 124. Bd5 Bg7 125. Bg8 Bh8 126. Bf7 Bg7 127. Be6 Bh8
128. Kc2 Bg7 129. Kb3 Be5 130. Ka4 Bc3 131. Bf7 Kb6 132. Kb3 Bg7 133. Be6 Kc5
134. Bc8 Bf6 135. Bg4 Bg7 136. Be6 Kd6 137. Bf7 Kc5 138. Ka4 Bd4 139. Be6 Kb6
140. Kb3 Bg7 141. Kb4 Bf8+ 142. Kc3 Kc5 143. Kd3 Bg7 144. Ke4 Kd6 145. Kf5 Bh8
$11 1/2-1/2

[Event "Aeroflot Open 2012 B"]
[Site "Moscow"]
[Date "2012.02.08"]
[Round "2"]
[White "Nguyen, Van Huy"]
[Black "Alavkin, Arseny"]
[Result "1-0"]
[WhiteElo "2473"]
[BlackElo "2383"]
[PlyCount "75"]
[EventDate "2012.02.07"]
[EventType "swiss"]
[EventRounds "9"]
[EventCountry "RUS"]

1. Nf3 d5 2. d4 Nf6 3. c4 c6 4. Qb3 dxc4 5. Qxc4 Bf5 6. g3 e6 7. Bg2 Be7 8. O-O
O-O 9. e3 Nbd7 10. Rd1 Rc8 11. Qe2 h6 12. Nc3 Qb6 13. e4 Bg4 14. h3 Bh5 15. Be3
Qa5 16. a3 Bxf3 17. Bxf3 e5 18. dxe5 Nxe5 19. Bg2 b5 20. Bd4 Qc7 21. Rac1 Qb8
22. f4 Nc4 23. e5 Nd7 24. Ne4 f5 25. exf6 Nxf6 26. b3 Nxa3 27. Ng5 Qb7 28. Qe6+
Kh8 29. Nf7+ Kh7 30. Bxf6 Rxf7 31. Be4+ Kg8 32. Bxe7 Re8 33. Bg6 Qb6+ 34. Kh1
Rexe7 35. Bxf7+ Kf8 36. Qf5 Rxf7 37. Qc8+ Ke7 38. Re1+ 1-0

[Event "Aeroflot Open 2012 B"]
[Site "Moscow"]
[Date "2012.02.08"]
[Round "2"]
[White "Stukopin, Andrey"]
[Black "Ghosh, Diptayan"]
[Result "1-0"]
[WhiteElo "2460"]
[BlackElo "2372"]
[PlyCount "79"]
[EventDate "2012.02.07"]
[EventType "swiss"]
[EventRounds "9"]
[EventCountry "RUS"]

1. d4 d5 2. c4 c6 3. Nf3 Nf6 4. e3 Bf5 5. Nc3 e6 6. Nh4 Be4 7. f3 Bg6 8. Nxg6
hxg6 9. Qb3 Qc7 10. f4 Nbd7 11. Bd2 a6 12. Rc1 Bd6 13. g3 Rd8 14. Bg2 Qb8 15.
c5 Bc7 16. Ne2 Qa7 17. Qc2 O-O 18. Bf3 Rc8 19. g4 b6 20. g5 Ne4 21. Bxe4 dxe4
22. Ng3 bxc5 23. dxc5 Rfd8 24. h4 Nxc5 25. Qxc5 Bb6 26. Qa3 e5 27. fxe5 Qd7 28.
Nxe4 Qd5 29. Qb4 Qxe5 30. Rf1 Rb8 31. Qc4 Rd5 32. Rf4 Rbd8 33. Rc2 Qe6 34. Nc3
Bxe3 35. Re4 Bf2+ 36. Ke2 Qf5 37. Nxd5 cxd5 38. Qd3 Bg1 39. Re7 Qg4+ 40. Qf3
1-0

[Event "Aeroflot Open 2012 B"]
[Site "Moscow"]
[Date "2012.02.08"]
[Round "2"]
[White "Palacios, Antonio"]
[Black "Diermair, Andreas"]
[Result "0-1"]
[WhiteElo "2320"]
[BlackElo "2429"]
[PlyCount "76"]
[EventDate "2012.02.07"]
[EventType "swiss"]
[EventRounds "9"]
[EventCountry "RUS"]

1. d4 d5 2. Nf3 Nf6 3. Bf4 c5 4. e3 Nc6 5. c3 Qb6 6. Qb3 c4 7. Qxb6 axb6 8.
Nbd2 b5 9. h3 Bf5 10. g4 Bg6 11. Nh4 e6 12. Nxg6 hxg6 13. Bg2 Nd7 14. e4 dxe4
15. Nxe4 e5 16. dxe5 Ndxe5 17. O-O Be7 18. b3 Nd3 19. Bh2 f5 20. Nd2 b4 21.
cxb4 c3 22. Nc4 Ncxb4 23. a3 Nc6 24. b4 c2 25. b5 Nd4 26. Bxb7 Rd8 27. Bc6+ Kf7
28. Ne5+ Nxe5 29. Bxe5 Nb3 30. Rae1 Bxa3 31. Kg2 c1=Q 32. Rxc1 Nxc1 33. b6 Nd3
34. Bc7 Bd6 35. Bxd8 Nf4+ 36. Kg1 Nxh3+ 37. Kg2 Nf4+ 38. Kg1 Ne2+ 0-1

[Event "Aeroflot Open 2012 B"]
[Site "Moscow"]
[Date "2012.02.08"]
[Round "2"]
[White "Wan, Yunguo"]
[Black "Narayanan.S.L"]
[Result "1-0"]
[WhiteElo "2428"]
[BlackElo "2320"]
[PlyCount "79"]
[EventDate "2012.02.07"]
[EventType "swiss"]
[EventRounds "9"]
[EventCountry "RUS"]

1. e4 c5 2. Nf3 d6 3. d4 cxd4 4. Nxd4 Nf6 5. Nc3 g6 6. Be3 Bg7 7. f3 a6 8. Qd2
Nbd7 9. Bh6 Bxh6 10. Qxh6 b5 11. a4 Qb6 12. Nb3 b4 13. Nd5 Nxd5 14. exd5 Nf6
15. O-O-O Bb7 16. Bc4 Rc8 17. Rd4 Qxd4 18. Nxd4 Rxc4 19. Re1 Kd7 20. Nc6 Bxc6
21. dxc6+ Rxc6 22. Qg7 Re8 23. Qxf7 Rc5 24. h4 g5 25. h5 g4 26. fxg4 Rg5 27.
Qe6+ Kd8 28. Qe3 Rc5 29. g5 Nxh5 30. g4 Ng7 31. Qd4 Rxg5 32. Qb6+ Kd7 33. Qb7+
Kd8 34. Qxa6 Rxg4 35. Qb6+ Kd7 36. Qb7+ Kd8 37. a5 Rc4 38. a6 Rc7 39. Qb8+ Rc8
40. a7 1-0

[Event "Aeroflot Open 2012 B"]
[Site "Moscow"]
[Date "2012.02.08"]
[Round "2"]
[White "Froewis, Georg"]
[Black "Yakimenko, Alexander A"]
[Result "1-0"]
[WhiteElo "2424"]
[BlackElo "2258"]
[PlyCount "43"]
[EventDate "2012.02.07"]
[EventType "swiss"]
[EventRounds "9"]
[EventCountry "RUS"]

1. Nf3 e6 2. c4 f5 3. g3 Nf6 4. Bg2 Be7 5. O-O O-O 6. Nc3 d5 7. d3 d4 8. Nb5
Nc6 9. e3 dxe3 10. Bxe3 e5 11. Re1 Ng4 12. Bd2 Bc5 13. d4 Nxd4 14. Nfxd4 Bxd4
15. Bd5+ Kh8 16. Nxd4 exd4 17. Bb4 Re8 18. Qxd4 Nf6 19. Rxe8+ Qxe8 20. Re1 Qa4
21. Bc3 Bd7 22. Qxf6 1-0

[Event "Aeroflot Open 2012 B"]
[Site "Moscow"]
[Date "2012.02.08"]
[Round "2"]
[White "Gagarin, Vasilij"]
[Black "Tari, Aryan"]
[Result "1/2-1/2"]
[WhiteElo "2417"]
[BlackElo "2206"]
[PlyCount "108"]
[EventDate "2012.02.07"]
[EventType "swiss"]
[EventRounds "9"]
[EventCountry "RUS"]

1. d4 Nf6 2. c4 g6 3. Nc3 d5 4. e3 Bg7 5. cxd5 Nxd5 6. Nxd5 Qxd5 7. Ne2 O-O 8.
Nc3 Qd8 9. Be2 c5 10. d5 e6 11. e4 exd5 12. exd5 a6 13. Be3 Nd7 14. a4 b6 15.
O-O Bb7 16. Qd2 Nf6 17. Rad1 Rc8 18. h3 Qd7 19. Rfe1 Rfe8 20. Bg5 Rcd8 21. Qf4
Qd6 22. Qh4 Rd7 23. Bf3 Rxe1+ 24. Rxe1 h5 25. Bf4 Qf8 26. Rd1 b5 27. axb5 axb5
28. Be5 Qe7 29. Qf4 Nxd5 30. Nxd5 Qxe5 31. Qxe5 Bxe5 32. Nf6+ Bxf6 33. Rxd7
Bxf3 34. gxf3 Bxb2 35. Rb7 b4 36. Kf1 Kg7 37. Ke2 Bc3 38. Kd3 Bd4 39. Ke2 Bc3
40. Kd3 Bd4 41. Ke2 g5 42. f4 gxf4 43. f3 Kg6 44. h4 Bc3 45. Rb6+ f6 46. Rc6
Bd4 47. Rb6 Kf5 48. Rb8 Ke6 49. Kd3 Bf2 50. Rh8 Bxh4 51. Rxh5 Bf2 52. Kc4 Bd4
53. Rh8 Kf7 54. Rh2 Kg6 1/2-1/2

[Event "Aeroflot Open 2012 B"]
[Site "Moscow"]
[Date "2012.02.08"]
[Round "2"]
[White "Xu, Huahua"]
[Black "Kurukin, Dmitry"]
[Result "1-0"]
[WhiteElo "2134"]
[BlackElo "2417"]
[PlyCount "99"]
[EventDate "2012.02.07"]
[EventType "swiss"]
[EventRounds "9"]
[EventCountry "RUS"]

1. e4 e5 2. Nf3 Nc6 3. Nc3 Nf6 4. d4 exd4 5. Nxd4 Bb4 6. Nxc6 bxc6 7. Bd3 h6 8.
O-O d6 9. Qf3 O-O 10. h3 Re8 11. Ne2 d5 12. Ng3 Rb8 13. c3 Bd6 14. exd5 cxd5
15. Nf5 Be5 16. Rb1 Ne4 17. Rd1 Qf6 18. Nd4 Qg6 19. Ne2 c6 20. Bf4 f5 21. c4
Qf6 22. cxd5 cxd5 23. Bxe5 Rxe5 24. Nf4 Be6 25. Bc2 Bf7 26. Bb3 Rd8 27. Rbc1 g5
28. Nd3 Re7 29. Nb4 Red7 30. Rc6 Qe7 31. Nc2 Qe5 32. Rxh6 Nd6 33. Nd4 Rc8 34.
Bc2 Rc4 35. Bxf5 Re7 36. Bh7+ Kg7 37. Rxd6 Rxd4 38. Rxd4 Qxd6 39. Bd3 Qe5 40.
Ra4 Qxb2 41. Qf5 Re1+ 42. Kh2 Qb8+ 43. g3 Re5 44. Qh7+ Kf6 45. Qh6+ Ke7 46. Ra6
Qc7 47. Qf6+ Kf8 48. Rc6 Qb8 49. Qh8+ Bg8 50. Rf6+ 1-0

[Event "Aeroflot Open 2012 B"]
[Site "Moscow"]
[Date "2012.02.08"]
[Round "2"]
[White "Zhelesny, Stanislav"]
[Black "Kanter, Eduard"]
[Result "0-1"]
[WhiteElo "2161"]
[BlackElo "2414"]
[PlyCount "127"]
[EventDate "2012.02.07"]
[EventType "swiss"]
[EventRounds "9"]
[EventCountry "RUS"]

1. Nf3 c5 2. g3 Nc6 3. d4 cxd4 4. Nxd4 e5 5. Nb5 d5 6. Qxd5 Qe7 7. c3 Be6 8.
Qd3 Rd8 9. Qc2 a6 10. N5a3 h5 11. h4 Qd7 12. Bg2 Bc5 13. Nd2 Nf6 14. O-O Bh3
15. Ne4 Nxe4 16. Qxe4 Bxg2 17. Kxg2 Bxa3 18. bxa3 Qd5 19. Qxd5 Rxd5 20. Rb1 Na5
21. Be3 Ke7 22. c4 Rd7 23. Bc5+ Ke6 24. Rb6+ Kf5 25. f3 f6 26. Rfb1 Rc8 27. Bf2
Rcc7 28. c5 Nc4 29. R6b4 Nxa3 30. R1b2 Nb5 31. Rc4 Na7 32. Rc1 Nc6 33. Rc4 Rd1
34. Be3 Ke6 35. Bf2 Kd7 36. Rc3 Kc8 37. Rc4 Rcd7 38. Rcc2 Kc7 39. Be3 Ra1 40.
Rc1 Rxc1 41. Bxc1 Na5 42. Rc2 Rd4 43. Bd2 Ra4 44. f4 e4 45. f5 Nc4 46. Bf4+ Kc6
47. g4 hxg4 48. Kg3 Kxc5 49. Kxg4 Ra3 50. Kh5 Rh3 51. e3 Kd5 52. Kg6 Nxe3 53.
Rd2+ Kc4 54. Bxe3 Rxe3 55. Kxg7 Rh3 56. Kxf6 e3 57. Rb2 Rxh4 58. Kg5 Re4 59.
Rb1 e2 60. Re1 Kd3 61. f6 Re3 62. f7 Rf3 63. Kg6 Kd2 64. Rb1 0-1

[Event "Aeroflot Open 2012 B"]
[Site "Moscow"]
[Date "2012.02.08"]
[Round "2"]
[White "Rogozenco, Dorian"]
[Black "Arabidze, Meri"]
[Result "1-0"]
[WhiteElo "2539"]
[BlackElo "2358"]
[PlyCount "77"]
[EventDate "2012.02.07"]
[EventType "swiss"]
[EventRounds "9"]
[EventCountry "RUS"]

1. Nf3 Nf6 2. c4 e6 3. Nc3 Bb4 4. g4 d6 5. g5 Nfd7 6. Qc2 Bxc3 7. Qxc3 e5 8. d4
Qe7 9. b3 a5 10. Bb2 Nc6 11. Rg1 a4 12. d5 Nd8 13. b4 c5 14. a3 b6 15. Nh4 Nf8
16. f4 f6 17. Bh3 fxg5 18. Bxc8 gxh4 19. fxe5 Rxc8 20. exd6 Qxd6 21. Rxg7 Nf7
22. Qe3+ Qe7 23. Qxe7+ Kxe7 24. Rxf7+ Kxf7 25. Bxh8 Nd7 26. Bb2 Rg8 27. Kd2 Ke7
28. Rf1 Rg4 29. Kd3 Rg2 30. h3 Rg3+ 31. Rf3 cxb4 32. axb4 Kd6 33. Kd4 Rg1 34.
c5+ bxc5+ 35. bxc5+ Kc7 36. c6 Rd1+ 37. Rd3 Rb1 38. Ba3 Nf6 39. Ke5 1-0

[Event "Aeroflot Open 2012 B"]
[Site "Moscow"]
[Date "2012.02.08"]
[Round "2"]
[White "Sychev, Klementy"]
[Black "Lastin, Alexander"]
[Result "1-0"]
[WhiteElo "2362"]
[BlackElo "2538"]
[PlyCount "75"]
[EventDate "2012.02.07"]
[EventType "swiss"]
[EventRounds "9"]
[EventCountry "RUS"]

1. e4 c5 2. Nf3 d6 3. d4 cxd4 4. Qxd4 Bd7 5. c4 Nc6 6. Qd2 g6 7. Be2 Bg7 8. O-O
Nf6 9. Nc3 O-O 10. h3 Rc8 11. Rb1 Qc7 12. b3 Qb8 13. Bb2 Rfd8 14. Qe3 e6 15.
Rfd1 Ne5 16. Ba3 Ne8 17. Rd2 a6 18. Bb4 Nc6 19. Ba3 Ne5 20. Nxe5 Bxe5 21. Bb4
Qc7 22. a4 b6 23. Rbd1 Bc6 24. f4 Bg7 25. Ba3 Rd7 26. Bf3 Rcd8 27. Kh1 Qb7 28.
Nb5 Qb8 29. Nd4 Ba8 30. Bb2 Bh6 31. Ne2 Qc7 32. Qd4 e5 33. fxe5 dxe5 34. Qxd7
Rxd7 35. Rxd7 Qc5 36. Rd8 Bc6 37. Rc8 Bf8 38. Rd5 1-0